Ultra mega prairie land /
Saved in:
| Main Author: | |
|---|---|
| Format: | Book |
| Language: | English |
| Published: |
[New Jersey] :
Bloof Books,
2014.
|
| Subjects: | |
| Tags: |
Add Tag
No Tags, Be the first to tag this record!
|
| LEADER | 00819cam a2200289Ia 4500 | ||
|---|---|---|---|
| 001 | 014249972-2 | ||
| 005 | 20150116185115.0 | ||
| 008 | 140609s2014 nju 000 p eng d | ||
| 020 | |a 9780982658765 | ||
| 020 | |a 0982658761 | ||
| 035 | 0 | |a ocn881182614 | |
| 040 | |a POETS |c POETS |d BDX |d CGP |d OCLCO |d CDX |d CHVBK | ||
| 050 | 4 | |a PS3623.O7485 |b U48 2014 | |
| 082 | 0 | 4 | |a 811/.6 |2 23 |
| 100 | 1 | |a Workman, Elisabeth. | |
| 245 | 1 | 0 | |a Ultra mega prairie land / |c Elisabeth Workman |
| 246 | 1 | 8 | |a Ultramegaprairieland. |
| 260 | |a [New Jersey] : |b Bloof Books, |c 2014. | ||
| 300 | |a 99 p. ; |c 23 cm. | ||
| 585 | |a 2014 Poets House Showcase. | ||
| 650 | 0 | |a American poetry |y 21st century. | |
| 650 | 7 | |a Lyrik. |2 gnd | |
| 650 | 7 | |a Amerikanisches Englisch. |2 gnd | |
| 899 | |a 415_565446 | ||
| 988 | |a 20141212 | ||
| 049 | |a HLSS | ||
| 906 | |0 OCLC | ||


